Everything you need to know about street gangs /

Examines the phenomenon of street gangs, the reasons people join them, the danger they can hold, and ways of avoiding getting involved with them.

Bibliographic Details
Main Author: Stark, Evan
Format: Book
Language:English
Published: New York : Rosen Pub., 1992.
Series:Need to know library.
Subjects:

MARC

Tag First Indicator Second Indicator Subfields
LEADER 00000cam a22000008a 4500
001 in00001069692
005 20150929101541.0
008 910322s1992 nyu j b 001 0 eng
010 |a  91004779  
020 |a 0823913198 :  |c $12.95 
035 |a (OCoLC)23584690 
035 |9 AFP1995AM 
040 |a DLC  |c DLC  |d JRK  |d TXA  |d UtOrBLW 
043 |a n-us--- 
049 |a TXAM 
050 0 0 |a HV6439.U5  |b S73 1991 
082 0 0 |a 364.1/06/60973  |2 20 
090 |a HV6439.U5  |b S73 1992 
100 1 |a Stark, Evan. 
245 1 0 |a Everything you need to know about street gangs /  |c Evan Stark. 
263 |a 9107 
264 1 |a New York :  |b Rosen Pub.,  |c 1992. 
300 |a 64 pages :  |b illustrations ;  |c 25 cm. 
336 |a text  |b txt  |2 rdacontent 
337 |a unmediated  |b n  |2 rdamedia 
338 |a volume  |b nc  |2 rdacarrier 
490 1 |a The Need to know library 
504 |a Includes bibliographical references and index. 
520 |a Examines the phenomenon of street gangs, the reasons people join them, the danger they can hold, and ways of avoiding getting involved with them. 
650 0 |a Gangs  |z United States  |v Juvenile literature. 
650 1 |a Gangs. 
830 0 |a Need to know library. 
999 |a MARS 
999 f f |s f555c70b-0c78-3f06-b4c6-46a31940e38f  |i 1e958ec9-5839-39c9-a6d0-d89f9073ed88  |t 0 
952 f f |p ric  |a Texas A&M University  |b Rellis Campus  |c Joint Library Facility  |d Remote Storage  |t 0  |e HV6439.U5 S73 1992  |h Library of Congress classification  |i unmediated -- volume  |m A14815703903 
998 f f |a HV6439.U5 S73 1992  |t 0  |l Remote Storage